000 01314cam a2200277 i 4500
003 SA-RiAUC
005 20241226124138.0
008 241225s1995 le g 00010 ara c
040 _aKW-ShULA
_bara
_cSA-RiAUC
_erda
082 0 4 _a237.6
_qSA-RiAUC
090 _a237.6
_b ش و ر
100 1 _aالشورى، مجدي بن منصور بن سيد
_eمؤلف.
245 1 2 _aالحاوي في تخريج أحاديث مجموع الفتاوى للإمام تقي الدين ابن تيمية /
_cخرجها مجدي بن منصور بن سيد الشوري.
246 3 0 _aتخريج أحاديث مجموع الفتاوى للإمام تقي الدين ابن تيمية
250 _aالطبعة الأولى.
264 1 _aبيروت :
_bدار الكتب العلمية،
_c1995
300 _a375 صفحة ؛
_c24 سم
336 _aنص
_btxt
_2rdacontent
_3كتاب
337 _aبدون وسيط
_bn
_2rdamedia
338 _aمجلد
_bnc
_2rdacarrier
650 7 _aالحديث
_xمستخرجات
_2aucsh
650 7 _aالفقه الإسلامي
_2aucsh
700 1 2 _iتخريج لـ (عمل) :
_aابن تيمية، أحمد بن عبد الحليم بن عبد السلام،
_d661-728 هجري.
_tالفتاوى الكبرى.
942 _2ddc
_cBOOK
_n0
949 _aSA-JeALM
_d241225
_umohamedma123
_n1
999 _c3986
_d3986